Представление документа в формате MARC21

Поле Инд. ПП Название Значение
Тип записи a
Библиографический уровень b
001 Контрольный номер fa249344caa441569a6dca5e96ad8156
005 Дата корректировки 20200630101436.3
008 Кодируемые данные 20170331
040 b Код языка каталог. rus
e Правила каталог. PSBO
041 0_ a Код языка текста rus
084 a Индекс другой классификации/Индекс ББК 67.410.206(2Рос)
100 1_ a Автор Давлетов А. А.
245 10 a Заглавие Прекращение уголовного дела с назначением судебного штрафа как универсальная форма освобождения лица от уголовной ответственности по компромиссным основаниям
520 0_ a Аннотация Появление в российском уголовном процессе производства по прекращению уголовного дела с назначением судебного штрафа вызвало конкуренцию с прежними основаниями освобождения лица от уголовной ответственности: в связи с примирением сторон, деятельным раскаянием, возмещением ущерба. В статье рассматриваются преимущества нового порядка прекращения уголовного дела, анализируется практика его применения и обосновывается идея признания данной процедуры единственной формой освобождения лица от уголовной ответственности по компромиссным нереабилитирующим основаниям
650 14 a Основная рубрика право; процессуальное право; уголовное процессуальное право
653 0_ a Ключевые слова заглаживание вреда
a Ключевые слова компромисс
a Ключевые слова компромиссное соглашение
a Ключевые слова освобождение от уголовной ответственности
a Ключевые слова Россия
a Ключевые слова согласие обвиняемого с обвинением
a Ключевые слова судебные штрафы
a Ключевые слова уголовно-процессуальная деятельность
a Ключевые слова Уголовно-процессуальный кодекс РФ
a Ключевые слова уголовный процесс
a Ключевые слова штрафные санкции
773 08 t Заглавие источника Российская юстиция
d Дата издания источника 2020
g Прочая информация № 4. - С. 29 - 32
w Контрольный № источника d9163a71ea1647108cab3fccfb4b3d86
901 t Тип документа b